000 00324nam a2200145Ia 4500
005 20251222143135.0
008 251222s9999||||xx |||||||||||||| ||spa||
020 _a8445807714
082 _a150/S16
100 _aSáiz Ruiz, Jerónimo
245 0 _aEsquizofrenia:
250 _a1ra.ed.
264 _bMasson
942 _cLIB
999 _c12091
_d12091